PLANT PATHOLOGY (Record no. 13331)
[ view plain ]
| 000 -LEADER | |
|---|---|
| fixed length control field | 00335nam a22001577a 4500 |
| 003 - CONTROL NUMBER IDENTIFIER | |
| control field | SGT |
| 020 ## - INTERNATIONAL STANDARD BOOK NUMBER | |
| International Standard Book Number | 978-80-312-0639-3 |
| 082 ## - DEWEY DECIMAL CLASSIFICATION NUMBER | |
| Classification number | 630 |
| Item number | AGR |
| 100 ## - MAIN ENTRY--PERSONAL NAME | |
| Personal name | AGRIOS, GEORGE N. |
| 245 ## - TITLE STATEMENT | |
| Title | PLANT PATHOLOGY |
| 250 ## - EDITION STATEMENT | |
| Edition statement | 5TH |
| 260 ## - PUBLICATION, DISTRIBUTION, ETC. (IMPRINT) | |
| Place of publication, distribution, etc | AMSTERDAM |
| Name of publisher, distributor, etc | ELSERVIER |
| Year of Publication | 2015 |
| 300 ## - PAGE DESCRIPTION | |
| No. of Pages | 922 |
| 650 ## - SUBJECT ADDED ENTRY--TOPICAL TERM | |
| Topical term or geographic name as entry element | PLANT PATHOLOGY |
| 942 ## - ADDED ENTRY ELEMENTS (KOHA) | |
| Source of classification or shelving scheme | Dewey Decimal Classification |
| Koha item type | Books |
| Withdrawn status | Lost status | Source of classification or shelving scheme | Damaged status | Not for loan | Collection code | Home library | Current library | Shelving location | Date acquired | Vendor Name | Cost, normal purchase price | SGTU | Total Checkouts | Full call number | Accession No. (Barcode) | Date last seen | Date last borrowed | Bill Date | Koha item type |
|---|---|---|---|---|---|---|---|---|---|---|---|---|---|---|---|---|---|---|---|
| Dewey Decimal Classification | SCIENCE | SGT Science & Social Sciences Library | SGT Science & Social Sciences Library | Text Book | 14/09/2017 | BIO GREEN BOOKS | 2495.00 | SGTU | 6 | 630 AGR | AG336 | 26/03/2019 | 07/03/2019 | 14/09/2017 | Books | ||||
| Dewey Decimal Classification | SCIENCE | SGT Science & Social Sciences Library | SGT Science & Social Sciences Library | Text Book | 14/09/2017 | BIO GREEN BOOKS | 2495.00 | SGTU | 7 | 630 AGR | AG337 | 06/07/2021 | 29/06/2021 | 14/09/2017 | Books | ||||
| Dewey Decimal Classification | SCIENCE | SGT Science & Social Sciences Library | SGT Science & Social Sciences Library | Text Book | 14/09/2017 | BIO GREEN BOOKS | 2495.00 | SGTU | 5 | 630 AGR | AG338 | 11/01/2020 | 09/01/2020 | 14/09/2017 | Books | ||||
| Dewey Decimal Classification | SCIENCE | SGT Science & Social Sciences Library | SGT Science & Social Sciences Library | Text Book | 14/09/2017 | BIO GREEN BOOKS | 2495.00 | SGTU | 8 | 630 AGR | AG339 | 24/09/2021 | 13/09/2021 | 14/09/2017 | Books | ||||
| Dewey Decimal Classification | SCIENCE | SGT Science & Social Sciences Library | SGT Science & Social Sciences Library | Text Book | 14/09/2017 | BIO GREEN BOOKS | 2495.00 | SGTU | 6 | 630 AGR | AG340 | 11/02/2020 | 24/01/2020 | 14/09/2017 | Books |